| 000 | 01365nam a2200313 a 4500 | ||
|---|---|---|---|
| 005 | 20200104041750.0 | ||
| 008 | 161007b2016 ck ad|||r|||| 00| 0 spa d | ||
| 020 | _a9789588889887 (impreso) | ||
| 020 | _a9789588889894 (digital) | ||
| 040 |
_aCO-BoIAVH _cCO-BoIAVH |
||
| 041 | 0 | _aspa | |
| 044 | _ack | ||
| 082 | 0 | 4 |
_a333.9516 _bO69v |
| 245 | 1 | 0 |
_aOrinoquia viva: _bBiodiversidad y servicios ecosistémicos en el área de influencia del Oleoducto Bicentenario / _ceditado por Talia Waldrón [y otors 3] |
| 260 |
_aBogotá, Colombia : _bInstituto de Investigación de Recursos Biológicos Alexander von Humboldt, _c2016. |
||
| 300 |
_a36 páginas : _bilustraciones a color y gráficas ; _c32 x 24 cm. |
||
| 504 | _aIncluye referencias bibliográficas. | ||
| 651 | 2 | 6 | _aOrinoquia |
| 651 | 2 | 6 |
_aOrinoquia _xBiodiversidad |
| 651 | 2 | 6 |
_aOrinoquia _xservicios de los ecosistemas |
| 651 | 2 | 6 |
_aOrinoquia _xEspecies _xobjeto de conservación |
| 651 | 2 | 6 |
_aColombia _zArauca (Departamento) |
| 651 | 2 | 6 |
_aColombia _zCasanare (Departamento) |
| 700 | 1 |
_aWaldrón, Talía _eeditora |
|
| 700 | 1 |
_aVieira Muñoz, María Isabel _eeditora |
|
| 700 | 1 |
_aDíaz-Timoté, Julián _eeditor |
|
| 710 | 2 | _aInstituto de Investigación de Recursos Biológicos Alexander von Humboldt | |
| 942 |
_2ddc _cLIBRO _01 |
||
| 999 |
_c19060 _d19060 |
||